[Event "Lleida-ch U16"]
[Site "Balaguer"]
[Date "2014.02.15"]
[Round "8.2"]
[White "Roca Andres, Pau"]
[Black "Tarrago Pinyol, Robert"]
[Result "0-1"]
[WhiteElo "1700"]
[BlackElo "1720"]
[PlyCount "22"]
[EventDate "2014.01.25"]
[EventType "tourn"]
[EventRounds "10"]
[EventCountry "ESP"]
[SourceTitle "EXT 2024"]
[Source "ChessBase"]
[SourceDate "2023.10.10"]
[SourceVersion "1"]
[SourceVersionDate "2023.10.10"]
[SourceQuality "1"]

1. e4 e5 2. Bc4 Nf6 3. Nf3 Nc6 4. Nxe5 Nxe5 5. Qg4 Nxc4 6. Qxd7+ Bxd7 7. Ke2 Nxe4 8. Kf3 Bc6 9. Kf4 Qf6+ 10. Kg4 Qg5+ 11. Kh3 Nxf2# 0-1

[Event "Lleida-ch U16"]
[Site "Balaguer"]
[Date "2014.02.01"]
[Round "3.2"]
[White "Tarrago Pinyol, Robert"]
[Black "Roca Andres, Pau"]
[Result "1-0"]
[WhiteElo "1720"]
[BlackElo "1700"]
[PlyCount "61"]
[EventDate "2014.01.25"]
[EventType "tourn"]
[EventRounds "10"]
[EventCountry "ESP"]
[SourceTitle "EXT 2024"]
[Source "ChessBase"]
[SourceDate "2023.10.10"]
[SourceVersion "1"]
[SourceVersionDate "2023.10.10"]
[SourceQuality "1"]

1. e4 e5 2. Nf3 Nc6 3. Bb5 Nf6 4. d3 g6 5. Bxc6 bxc6 6. Nxe5 Bg7 7. Nf3 0-0 8. 0-0 Re8 9. c3 d5 10. e5 Ng4 11. d4 Ba6 12. Re1 c5 13. h3 Nh6 14. Bf4 cxd4 15. cxd4 Rb8 16. Qd2 Nf5 17. b3 Bf8 18. Nc3 Bb4 19. Rac1 c6 20. e6 Qa5 21. exf7+ Kxf7 22. Bxb8 Rxe1+ 23. Qxe1 Bxc3 24. Qxc3 Qb5 25. Bh2 Qe2 26. Qxc6 Bd3 27. Qxd5+ Kf8 28. Re1 Qxa2 29. Bd6+ Nxd6 30. Qxd6+ Kg7 31. Re7+ 1-0

[Event "Lleida-ch U14"]
[Site "Vilanova de Segria"]
[Date "2012.02.04"]
[Round "4.4"]
[White "Caldero Lesan, Jordi"]
[Black "Roca Andres, Pau"]
[Result "1-0"]
[WhiteElo "1817"]
[BlackElo "1700"]
[PlyCount "107"]
[EventDate "2012.01.14"]
[EventType "swiss"]
[EventRounds "6"]
[EventCountry "ESP"]
[SourceTitle "EXT 2024"]
[Source "ChessBase"]
[SourceDate "2023.10.10"]
[SourceVersion "1"]
[SourceVersionDate "2023.10.10"]
[SourceQuality "1"]

1. d4 g6 2. Nf3 Bg7 3. Bf4 Nh6 4. e3 0-0 5. c4 d6 6. Bd3 e5 7. dxe5 dxe5 8. Nxe5 c6 9. 0-0 Nd7 10. Nxd7 Bxd7 11. Qc2 Ng4 12. h3 Ne5 13. Bxe5 Bxe5 14. Nc3 Qh4 15. f4 Bc7 16. Qf2 Qe7 17. Rad1 Bb6 18. Rfe1 Rae8 19. Bc2 Bc8 20. Kh1 Bc7 21. e4 g5 22. f5 Qe5 23. Qg1 g4 24. Re3 Bb6 25. Qh2 Bc7 26. Qxe5 Bxe5 27. hxg4 Bf6 28. Red3 Bg5 29. Rh3 Bf4 30. Rdd3 Bb8 31. Rh5 Rd8 32. Rdh3 f6 33. Rxh7 Rd7 34. Rh8+ Kf7 35. R3h7+ Ke8 36. Rxf8+ Kxf8 37. Rh8+ Ke7 38. Rxc8 Bg3 39. Ra8 Bf2 40. Rh8 Kd6 41. Rh3 Ke5 42. Rd3 Rc7 43. b4 a6 44. Nd1 Ba7 45. a3 b5 46. c5 a5 47. Ne3 Rg7 48. Kg1 Kf4 49. Kf2 Kg5 50. Rd6 Rc7 51. g3 Rc8 52. e5 Bb8 53. Rxf6 Bxe5 54. Rg6# 1-0